| 000 | 00820nam a2200277 a 4500 | ||
|---|---|---|---|
| 999 |
_c8271 _d8271 |
||
| 001 | 8271 | ||
| 003 | BD-JhCC | ||
| 005 | 20180220120109.0 | ||
| 008 | 180220s2009 bg a b 001 0 eng d | ||
| 020 | _a9847022000462 | ||
| 035 | _a(BD-JhCC)8271 | ||
| 040 |
_aBD-JhCC _cDLC _dBD-JhCC |
||
| 041 | _aeng | ||
| 050 | 0 | 0 |
_aHC440.8.Z9 _bP61233617 2009 |
| 082 |
_a339.46095492 _bBRE 2009 |
||
| 245 | 0 | 0 |
_aBreaking down poverty in Bangladesh / _cedited by Ambar Narayan and Hassan Zaman. |
| 246 | 3 | 0 | _aPoverty |
| 260 |
_aDhaka : _bUniversity Press Ltd., _c2009. |
||
| 300 |
_axxvi, 328 p. : _bill. ; _c22 cm. |
||
| 504 | _aIncludes bibliographical references and index. | ||
| 520 | _aContributed articles. | ||
| 650 | 0 |
_aPoverty _zBangladesh. |
|
| 700 | 1 | _aNarayan, Ambar. | |
| 700 | 1 | _aZaman, Hassan. | |
| 942 |
_2ddc _cBK |
||